000 00303cam a22001097a 4500
008 180718b1968 xxu||||| |||| 00| 0 eng d
082 _aN121903x54 In2b/1968
245 _aThe border security force bill, 1968
_cby Lok Sabha
260 _aNew Delhi
_bLok Sabha
_c1968
300 _a48p.
700 _aLok Sabha
999 _c493839
_d493839